[Event "Maikop Adygea op"]
[Site "Maikop"]
[Date "2023.02.02"]
[Round "7"]
[White "Zavgorodniy, Nikolay"]
[Black "Ibragimov, Ruslan"]
[Result "1-0"]
[WhiteElo "1575"]
[BlackElo "1289"]
[PlyCount "41"]
[EventDate "2023.01.28"]
[EventType "swiss"]
[EventRounds "9"]
[EventCountry "RUS"]
[SourceTitle "CBM 213 Extra"]
[Source "ChessBase"]
[SourceDate "2023.05.31"]
[SourceVersion "1"]
[SourceVersionDate "2023.05.31"]
[SourceQuality "1"]

1. e4 e5 2. Nf3 Nc6 3. d4 exd4 4. Nxd4 Bc5 5. Nxc6 Qf6 6. Qd2 Qxc6 7. Nc3 Bb4 8. Bd3 Bxc3 9. bxc3 d6 10. 0-0 Nf6 11. Bb2 0-0 12. Qf4 Re8 13. Rfe1 Ng4 14. Qg3 Ne5 15. Rab1 Nc4 16. Ba1 Nd2 17. Bb5 Qb6 18. c4 g6 19. Bxe8 Nxb1 20. Qf4 f5 21. Qh6 1-0

[Event "Maikop Adygea op"]
[Site "Maikop"]
[Date "2023.01.30"]
[Round "4"]
[White "Arefyev, Vadim"]
[Black "Zavgorodniy, Nikolay"]
[Result "1-0"]
[WhiteElo "2030"]
[BlackElo "1575"]
[PlyCount "77"]
[EventDate "2023.01.28"]
[EventType "swiss"]
[EventRounds "9"]
[EventCountry "RUS"]
[SourceTitle "CBM 213 Extra"]
[Source "ChessBase"]
[SourceDate "2023.05.31"]
[SourceVersion "1"]
[SourceVersionDate "2023.05.31"]
[SourceQuality "1"]

1. d4 Nf6 2. Nf3 d5 3. Bf4 e6 4. Nbd2 b6 5. e3 Bd6 6. Ne5 0-0 7. Bd3 Ba6 8. Bxa6 Nxa6 9. Qe2 Nb8 10. h4 Nfd7 11. Ndf3 f6 12. Nd3 Bxf4 13. Nxf4 Re8 14. c4 c6 15. cxd5 exd5 16. 0-0 Nf8 17. Rac1 Qd6 18. Qc2 Ne6 19. Nd3 Rc8 20. b4 Nd7 21. Rfd1 c5 22. bxc5 bxc5 23. dxc5 Ndxc5 24. Nxc5 Rxc5 25. Qa4 Qb6 26. Rb1 Qc7 27. Qa6 Rc6 28. Qa3 Rc5 29. Rb3 Ra5 30. Qb2 Rc8 31. Rb5 Rxb5 32. Qxb5 Qc6 33. Qxd5 Qxd5 34. Rxd5 Rc1+ 35. Kh2 Rc7 36. Kg3 Kf7 37. Ra5 Ke7 38. h5 Nd8 39. Nd4 1-0